Statistics for Countries which are islands?

Click here to take the quiz!

General Stats

  • This quiz has been taken 26 times
    (18 since last reset)
  • The average score is 33 of 44

Answer Stats

Answer% Correct
Madagascar
94%
Cuba
89%
Dominica
89%
Saint lucia
89%
Dominican republic
83%
Haiti
83%
Jamaica
83%
Japan
83%
New zealand
83%
Saint vincent and the grenadines
83%
Samoa
83%
Australia
78%
Fiji
78%
Ireland
78%
Malta
78%
Saint kitts and nevis
78%
Tonga
78%
United kingdom
78%
Antigua and barbuda
72%
Barbados
72%
Cyprus
72%
Grenada
72%
Iceland
72%
Indonesia
72%
Kiribati
72%
Maldives
72%
Marshall islands
72%
Mauritius
72%
Micronesia
72%
Sao tome and principe
72%
Seychelles
72%
Solomon islands
72%
Sri lanka
72%
Trinidad and tobago
72%
Tuvalu
72%
Vanuatu
72%
Bahamas
67%
Cape verde
67%
Nauru
67%
Palau
67%
Comoros
61%
Taiwan
61%
Papua new guinea
56%
Philippines
56%

Score Distribution

Percentile by Number Answered

Percent of People with Each Score

Your Score History

You have not taken this quiz since the last reset